ՀՀ Գիտությունների ազգային ակադեմիայի հիմնարար գիտական գրադարան  =   Fundamental Scientific Library of NAS RA

Минералогия и генезис лессовых и красноцветных пород юго-западных областей СССР / (Record no. 473230)

MARC details
000 -LEADER
fixed length control field 00778nam-a2200229-a-4500
001 - CONTROL NUMBER
control field YSU0108808
003 - CONTROL NUMBER IDENTIFIER
control field AM-YeHGA
005 - DATE AND TIME OF LATEST TRANSACTION
control field 20250617161534.0
008 - FIXED-LENGTH DATA ELEMENTS--GENERAL INFORMATION
fixed length control field 991124s1957 xxu 000 0 rus u
040 ## - CATALOGING SOURCE
Original cataloging agency AM-YeHGA
041 0# - LANGUAGE CODE
Language code of text/sound track or separate title rus
090 ## - LOCALLY ASSIGNED LC-TYPE CALL NUMBER (OCLC); LOCAL CALL NUMBER (RLIN)
-- 476495
100 1# - MAIN ENTRY--PERSONAL NAME
Personal name Самодуров, П.С.
245 10 - TITLE STATEMENT
Title Минералогия и генезис лессовых и красноцветных пород юго-западных областей СССР /
Statement of responsibility, etc. П.С. Самодуров
260 0# - PUBLICATION, DISTRIBUTION, ETC.
Place of publication, distribution, etc. Якутск :
Name of publisher, distributor, etc. Б. и. ,
Date of publication, distribution, etc. 1957-
300 ## - PHYSICAL DESCRIPTION
Extent ч.
505 10 - FORMATTED CONTENTS NOTE
Miscellaneous information Ч. 1,2 (1957 : 220 с.)
-- Ч. 3 (1957 : 179 с.)
650 #4 - SUBJECT ADDED ENTRY--TOPICAL TERM
Topical term or geographic name entry element Геология
700 10 - ADDED ENTRY--PERSONAL NAME
Personal name Самодуров, П.С.
Relationship edt
710 2# - ADDED ENTRY--CORPORATE NAME
Corporate name or jurisdiction name as entry element Якутский гос. ун-т
942 ## - ADDED ENTRY ELEMENTS (KOHA)
Source of classification or shelving scheme Universal Decimal Classification
Koha item type Գրքեր / Books
Holdings
Withdrawn status Lost status Source of classification or shelving scheme Damaged status Not for loan Collection Home library Current library Date acquired Serial enumeration / chronology Total checkouts Full call number Barcode Date last seen Price effective from Koha item type Public note
    Universal Decimal Classification     General Fundamental Scientific Library Fundamental Scientific Library 03/07/2018 Ч. 3   РД III/9995 FL0506889 03/07/2018 03/07/2018 Գրքեր / Books 30 Days Loan
    Universal Decimal Classification     General Fundamental Scientific Library Fundamental Scientific Library 03/07/2018 Ч. 1,2   РД III/9994 FL0506890 03/07/2018 03/07/2018 Գրքեր / Books 30 Days Loan


ՀՀ ԳԱԱ հիմնարար գիտական գրադարան
ՀՀ,Երևան 0019
Մարշալ Բաղրամյան 24/6
հեռախոս:(374-10) 52-47-50
Հետադարձ կապ

All site content, except where otherwise noted, is licensed under a
Creative Commons License